000 00676nam a2200181 4500
001 119063
003 ES-MaACL
007 t|
008 070214s1984 sp r ||||1| spa d
100 1 _aPérez Gago, Santiago.
_990868
245 1 0 _aRazón `Sueño` y realidad
_b: niveles de percepción estética en la semántica `sueño` de Antonio Machado /
_cSantiago Pérez Gago.
260 _aSalamanca :
_bUniversidad,
_c1984.
300 _a385 p. ;
_c24 cm.
490 1 _aActa salmanticensia. Serie filosofía y letras ;
_v154
830 0 0 _aActa Salmanticensia. Filosofía y letras
_v154
_9218618
852 _aES-MaACL
_jL-7996
_bR.108162
999 _c119063
_d119063